• 首页
  • 本馆介绍
  • 公告通知
  • 最新文献
  • 馆藏检索
  • 电子资源
  • 读者导购
  • 参考咨询
  • 我的图书馆
  • 登录
  • 详细信息显示
  • 放入我的书架
  • 预约/预借图书
  • 作者相关作品
  • 分类相关作品
  • 丛书相关作品
  • 出版社相关作品

书目信息

  • 表格格式
  • 工作单格式
  • 卡片格式
题名:
五代史话
    
 
作者: 沈起炜 著
分册:  
出版信息: 北京   中国青年出版社  1985
页数: 170页
开本: 19cm
丛书名: 祖国丛书
单 册:
中图分类: K243.1
科图分类:
主题词: 历史-中国-五代 , 五代-历史
电子资源:
ISBN: 11009.123
000 00708oam2 2200277 450
001 0185008612
005 20100712221203.0
010    @a11009.123@dCNY0.90
091    @a11009.123
100    @a19931012d1985 em y0chiy0110 ea
101 0  @achi
102    @aCN@b110000
105    @af z 000yy
106    @ar
200 1  @a五代史话@9Wu Dai Shi Hua @f沈起炜著
210    @a北京@c中国青年出版社@d1985
215    @a170页@c图@d19cm
225 2  @a祖国丛书
461  0 @12001 @a祖国丛书
606 0  @a历史-中国-五代
606 0  @a五代-历史
607    @a中国@x历史@z五代
690    @aK243.1@v3
701  0 @a沈起炜@9shen qi wei@4著
801  0 @aCN@bAzMarc@c20130904
905    @aBZT@dK243.1@e1@f2@sK243.1/1
    
    五代史话/沈起炜著.-北京:中国青年出版社,1985
    170页:图;19cm.-(祖国丛书)
    
    
    ISBN 11009.123:CNY0.90
    
●
相关链接 在五车中查询图书 在当当中查询图书 在豆瓣中查询图书


正题名:五代史话     索取号:K243.1/1         预约/预借

序号 登录号 条形码 馆藏地/架位号 状态 备注
1 2000137003   2000137003   旧书回溯/ [索取号:K243.1/1] 在馆    
2 2000143948   2000143948   旧书回溯/ [索取号:K243.1/1] 在馆    
山东省滨州职业学院图书馆 欢迎您!
大连网信软件有限公司© 版权所有